Statistics for Countries of the Russian Empire

Click here to take the quiz!

General Stats

  • This quiz has been taken 50 times
    (24 since last reset)
  • The average score is 16 of 18

Answer Stats

PercentCountry% Correct
100Finland
100%
100Moldova
100%
38Poland
100%
87Ukraine
100%
100Belarus
95%
100Estonia
90%
100Kazakhstan
90%
100Latvia
90%
100Armenia
86%
100Georgia
86%
100Kyrgyzstan
86%
99Lithuania
86%
99Russia
86%
100Tajikistan
86%
100Turkmenistan
86%
100Uzbekistan
86%
100Azerbaijan
81%
3Turkey
71%

Score Distribution

Percentile by Number Answered

Percent of People with Each Score

Your Score History

You have not taken this quiz since the last reset